Normal view
MARC view
Entry Personal Name
001 - CONTROL NUMBER
- control field: 7060
003 - CONTROL NUMBER IDENTIFIER
- control field: BD-RjUL
005 - DATE AND TIME OF LATEST TRANSACTION
- control field: 20230223101951.0
008 - FIXED-LENGTH DATA ELEMENTS
- fixed length control field: 230223|| aca||aabn | a|a d
040 ## - CATALOGING SOURCE
- Original cataloging agency: BD-RjUL
- Transcribing agency: BD-RjUL
100 ## - HEADING--PERSONAL NAME
- Personal name: Deb, Anil Chandra, Co-Suoervisor
670 ## - SOURCE DATA FOUND
- Source citation: Work cat.: (BD-RjUL)81253: Sarker, Nibadita 7058, Genetic Improvement of Yield Contributing Characters of Chickpea (Cicerarietinum L.) Through Mutation Breeding /, 2012